Conocimiento para el desarrollo social FLACSO Costa Rica en el 2000: informe de actividades
Se presenta un informe de actividades realizadas por la FLACSO en Costa Rica, cubriendo todas las actividades de docencia e investigación que realizan con el fin de integrar y consolidar la investigación a nivel centroamericano
Spremljeno u:
| Autor kompanije: | |
|---|---|
| Format: | Tekst |
| Izdano: |
San José:
FLACSO. Sede Académica Costa Rica
|
| Teme: | |
| Oznake: |
Dodaj oznaku
Bez oznaka, Budi prvi tko označuje ovaj zapis!
|
MARC
| LEADER | 00000 a a2200000 04500 | ||
|---|---|---|---|
| 001 | 21940 | ||
| 003 | |||
| 040 | |||
| 090 | |a 146300 | ||
| 110 | |a FLACSO. Sede Académica Costa Rica | ||
| 245 | |a Conocimiento para el desarrollo social FLACSO Costa Rica en el 2000: informe de actividades | ||
| 260 | |a San José: |b FLACSO. Sede Académica Costa Rica | ||
| 300 | |a 93 p | ||
| 520 | |a Se presenta un informe de actividades realizadas por la FLACSO en Costa Rica, cubriendo todas las actividades de docencia e investigación que realizan con el fin de integrar y consolidar la investigación a nivel centroamericano | ||
| 650 | |a INVESTIGACION | ||
| 650 | |a CENTROS DE INVESTIGACION | ||
| 650 | |a INVESTIGACION APLICADA | ||
| 650 | |a PROYECTOS DE INVESTIGACION | ||
| 650 | |a INVESTIGACION Y DESARROLLO | ||
| 650 | |a PROGRAMA DE ESTUDIO | ||
| 650 | |a PROGRAMA DE INVESTIGACION | ||
| 650 | |a ADQUISICION DE CONOCIMIENTO | ||
| 650 | |a INVESTIGACION | ||
| 650 | |a PROGRAMA DE INVESTIGACION | ||
| 999 | |c 8118 |d 8118 | ||
